| 000 | 02479nam2a2200337 4500 | ||
|---|---|---|---|
| 001 | RU\NLR\bibl\1270542 | ||
| 005 | 20250615134005.0 | ||
| 010 |
_a978-5-9532-0638-9 _91500 |
||
| 021 |
_aRU _b2008-55104 _93055 |
||
| 035 | _a(NLR Aleph) 001256416 | ||
| 090 |
_a351524 _c351524 |
||
| 100 | _a20080909d2008 |||y0rusy50 ca | ||
| 101 | 0 | _arus | |
| 102 | _aRU | ||
| 105 | _aa ||||||||| | ||
| 200 | 1 |
_aТехнологические процессы производства полимерных пленочных материалов и искусственной кожи _fГ.П. Андрианова, К.А. Полякова, А.С. Фильчиков, Ю.С. Матвеев |
|
| 210 |
_d2008 _aБ. м. |
||
| 215 |
_a446, [1] с. _cил. |
||
| 320 | _aБиблиогр.: с. 438 | ||
| 320 | _aПредм. указ.: с. 439-442 | ||
| 461 | 0 |
_1001RU\NLR\bibl\1308067 _12001#$aТехнология переработки пластических масс и эластомеров в производстве полимерных пленочных материалов и искусственной кожи$vЧ. 2 _9574417 _aАндрианова, Г. П. (1930) _cМосква _d2008 _e3-е изд., перераб. и доп. _fГ.П. Андрианова, К.А. Полякова, Ю.С. Матвеев _nКолосС _oучебное пособие для студентов высших учебных заведений, обучающихся по специальности "Технология переработки пластических масс и эластомеров" _tТехнология переработки пластических масс и эластомеров в производстве полимерных пленочных материалов и искусственной кожи _y978-5-9532-0636-5 _vЧ. 2 |
|
| 606 | 1 |
_aПолимерные пленки _jУчебные издания для высших учебных заведений _xПроизводство _92010827 _3RU\NLR\auth\66924665 |
|
| 606 | 1 |
_aКожзаменители _jУчебные издания для высших учебных заведений5 _xПроизводство _9927332 _3RU\NLR\auth\66340847 |
|
| 686 | _aЛ719.4я73-1 | ||
| 686 | _aМ53я73-1 | ||
| 701 | 1 |
_aФильчиков _bА. С. _gАлександр Сергеевич _4070 |
|
| 801 | 0 |
_aRU _bNLR _c20080909 _gRCR |
|
| 801 | 1 |
_aRU _bNLR _c20080909 |
|
| 942 | _cBOOK | ||
| 980 | _aNB | ||